The experimental exercise of freedom: Ligia Clark, Gego, Mathias Goeritz, Helio Oiticica and Mira Schendel/ (Record no. 2505)

MARC details
000 -LEADER
campo de control de longitud fija 00577nam a22001817a 4500
003 - IDENTIFICADOR DE NÚMERO DE CONTROL
campo de control OSt
005 - FECHA Y HORA DE LA ÚLTIMA TRANSACCIÓN
campo de control 20221103193000.0
008 - DATOS DE LONGITUD FIJA--INFORMACIÓN GENERAL
campo de control de longitud fija 150522b xxu||||| |||| 00| 0 eng d
020 ## - NÚMERO INTERNACIONAL ESTÁNDAR DEL LIBRO
Número Internacional Estándar del Libro 0-914357 -64 -6
040 ## - FUENTE DE CATALOGACIÓN
Centro/agencia transcriptor Biblioteca Lado V
082 ## - NÚMERO DE LA CLASIFICACIÓN DECIMAL DEWEY
Número de clasificación 708
Número de ítem M379e
100 ## - ENTRADA PRINCIPAL--NOMBRE DE PERSONA
9 (RLIN) 314
Nombre de persona Martin, Susan
Término indicativo de función/relación editora
245 ## - MENCIÓN DEL TÍTULO
Título The experimental exercise of freedom: Ligia Clark, Gego, Mathias Goeritz, Helio Oiticica and Mira Schendel/
260 ## - PUBLICACIÓN, DISTRIBUCIÓN, ETC.
Fecha de publicación, distribución, etc. 2000
Lugar de publicación, distribución, etc. California
300 ## - DESCRIPCIÓN FÍSICA
Extensión 245p.
Dimensiones 19x24cm
700 ## - ENTRADA AGREGADA--NOMBRE PERSONAL
Nombre de persona Ruiz, Alma
Término indicativo de función/relación editora
942 ## - ELEMENTOS DE ENTRADA SECUNDARIOS (KOHA)
Fuente del sistema de clasificación o colocación Clasificación Decimal Dewey
Tipo de ítem Koha Libros
Parte de la signatura que corresponde a la clasificación (Parte de la clasificación) 708
Parte de la signatura que identifica el ejemplar (Parte del ítem) M379c
Suprimir en OPAC No
Holdings
Estatus retirado Estado de pérdida Fuente del sistema de clasificación o colocación Estado de daño No para préstamo Biblioteca de origen Biblioteca actual Fecha de adquisición Número de inventario Total de préstamos Signatura topográfica completa Código de barras Visto por última vez Precio de reemplazo Tipo de ítem Koha
    Clasificación Decimal Dewey     Biblioteca LadoV Biblioteca LadoV 03/11/2022 001427   708 M379e 001427 03/11/2022 03/11/2022 Libros